000 01090nam a22003257a 4500
001 000469
003 DO-SdBNP
005 20171110092806.0
007 000469
008 160905b 2010 mx ||||| |||| 00| 0 spa d
020 _a9786071100733
040 _aBPMSU
_bspa
_cBPMSU
082 4 _a 636.7
_bM645e
100 1 _aMillán, César
245 1 0 _aEl encantador de perros :
_cCésar Millán con Melissa Jo Peltier.
246 1 0 _aEl encantador de perros :
_blos mejores consejos para educar y comprender a tu mascota.
260 _aMexico, D. F. :
_bAguilar,
_c2010.
300 _a255 p. ;
_c24 cm.
500 _aBibliografía: p. 249-250
500 _aTitulo original: Cesar's Way.
500 _aSéptima reimpresión: octubre de 2010
650 4 _aANIMALES DOMÉSTICOS
_xHABITOS Y CONDUCTA
650 4 _aPERROS
_xAMAESTRAMIENTO
650 4 _aCOMUNICACIÓN HOMBRE-ANIMAL
700 1 _aPeltier, Melissa Jo
910 _aValidado. Control de calidad MFF
942 _2ddc
_cBK
945 _aInvetariado extranjero / 2017 VM
956 _2LOPEREZ
_310
_620160905
_8BPMSU
_a00041
999 _c11307
_d11307